Atlétikai Egyetemi Kupa
Elmentve itt :
| Dokumentumtípus: | Cikk |
|---|---|
| Megjelent: |
1976-04-28
|
| Sorozat: | Délmagyarország
66 No. 100 |
| Online Access: | http://dmarchiv.bibl.u-szeged.hu/89200 |
| LEADER | 00363nab a2200133 i 4500 | ||
|---|---|---|---|
| 001 | delm89200 | ||
| 005 | 20190506105841.0 | ||
| 008 | 190506s1976 hu o 0|| hun d | ||
| 040 | |a SZTE Délmagyarország Archívum |b hun | ||
| 041 | |a hun | ||
| 245 | 0 | 0 | |a Atlétikai Egyetemi Kupa |h [elektronikus dokumentum] |
| 260 | |c 1976-04-28 | ||
| 300 | |a 4 | ||
| 490 | 0 | |a Délmagyarország |v 66 No. 100 | |